00373nam a2200109Ia 4500008004100000020001800041082001800059100004100077245009700118260003900215300000900254210430s9999 xx 000 0 und d a0-8247-7929-0 a660.39 M239 S aJohn F.Scamehorn, Jeffrey H. Harwell aSurfactant- Based Separation Processes /cJohn F.Scamehornb(surfactant science series V-33) aNew yorkbMarcel Dekker,inc.c1989 a342p